Geography Tier Quiz - Statistics

General Stats
  • This quiz has been taken 3,653 times
    2,460 since last reset
  • The average score is 23 of 39
Answer Stats
Hint Answer % Correct
Which country has the Eiffel Tower? France
100%
Name a country ending in -Guay Paraguay / Uruguay
97%
In what country can you visit Machu Picchu? Peru
95%
Name a country formerly part of Yugoslavia Croatia / Serbia...
93%
What is the capital of Germany? Berlin
91%
Name a city over 1m in Canada Toronto / Montreal...
90%
Name a Caribbean country that starts with Saint St. Lucia / St. Kitts & Nevis...
89%
Which countries are on the British Isles? UK / Ireland
89%
Which country produces the most Cars? China
88%
Name a Baltic State Estonia / Latvia / Lithuania
88%
Name a city struck by a nuclear bomb Hiroshima / Nagasaki
88%
What country only borders Iraq and Saudi Arabia? Kuwait
85%
Which two U.S. states were the last to join the union Alaska / Hawaii
77%
Name a city over 300k in Oklahoma Oklahoma City / Tulsa
75%
Which peninsula is disputed by Ukraine and Russia Crimea
72%
What country only borders Gabon and Cameroon? Equatorial Guinea
72%
What is the 6th most populated country? Brazil
71%
Which country owns the Cook Islands? New Zealand
71%
Name a U.S. Pacific Territory Guam / Jarvis Island...
69%
What is the biggest city in Pakistan? Karachi
67%
What is the largest state by area in Germany? Bavaria
66%
Name a Canadian Territory (Not Province) Nunavut / Yukon...
62%
What is the capital & largest city of Angola? Luanda
60%
Perth is the capital of this Australian State Western Australia
58%
The Renaissance started in this Italian province Tuscany
54%
Which city is the most populated in the world? Guangzhou
52%
French province is known for its Celtic Culture? Brittany
49%
Name one of the two largest cities in Cameroon Douala / Yaounde
48%
This former "city" in Hong Kong was bulldozed in 1993 Kowloon Walled City
32%
What is the largest city in Siberia? Novosibirsk
30%
What was the former capital of Burundi? Bujumbura
27%
Which Colombian city is known for its nightlife & old town Cartagena
27%
What is the largest state in Brazil? Amazonas
22%
Name the most populated city on the Kola Peninsula Murmansk
18%
Which country owns the city of Pakse (Pakxe) Laos
15%
Which British oversea territory is the most populous? Cayman Islands
13%
Which Asian country names its provinces numerically? Nepal
12%
What Serbian province was a short proclaimed republic? Vojvodina
9%
Name one of the three historical divisions in Libya Tripolitania, Cyrenaica...
7%
No matching quizzes found
Score Distribution
Percent of People with Each Score
Percentile by Number Answered
Your Score History
You have not taken this quiz since the last reset